000
00278nam a2200145Ia 4500
100
_a
Gladkov/ K
650
_a
Chemistry
942
_c
BK
654
_a
Atom
245
_a
Atom From A To Z
260
_b
Mir Publishers
082
_a
539
300
_a
262
546
_a
ENGLISH
999
_c
29171
_d
29171